<?xml version="1.0" encoding="UTF-8"?>
<record
    xmlns:xsi="http://www.w3.org/2001/XMLSchema-instance"
    xsi:schemaLocation="http://www.loc.gov/MARC21/slim http://www.loc.gov/standards/marcxml/schema/MARC21slim.xsd"
    xmlns="http://www.loc.gov/MARC21/slim">

  <leader>01109nam a22002415a 4500</leader>
  <controlfield tag="003">OSt</controlfield>
  <controlfield tag="005">20170316105931.0</controlfield>
  <controlfield tag="008">170316s2012    ua a   gr     000 edara d</controlfield>
  <datafield tag="015" ind1=" " ind2=" ">
    <subfield code="a">2012 / 8594</subfield>
  </datafield>
  <datafield tag="040" ind1=" " ind2=" ">
    <subfield code="a">EG-ScBUE</subfield>
    <subfield code="b">ara</subfield>
    <subfield code="c">EG-ScBUE</subfield>
  </datafield>
  <datafield tag="082" ind1="0" ind2="4">
    <subfield code="a">270.092</subfield>
    <subfield code="b">&#x634; &#x646; &#x648;</subfield>
    <subfield code="2">22</subfield>
  </datafield>
  <datafield tag="100" ind1="0" ind2=" ">
    <subfield code="a">&#x634;&#x646;&#x648;&#x62F;&#x629;</subfield>
    <subfield code="b">&#x627;&#x644;&#x62B;&#x627;&#x644;&#x62B;&#x60C;</subfield>
    <subfield code="c">&#x627;&#x644;&#x628;&#x627;&#x628;&#x627;&#x60C;</subfield>
    <subfield code="d">2012-1923.</subfield>
  </datafield>
  <datafield tag="245" ind1="1" ind2="2">
    <subfield code="a">&#x627;&#x644;&#x645;&#x642;&#x627;&#x644;&#x627;&#x62A; &#x627;&#x644;&#x623;&#x633;&#x628;&#x648;&#x639;&#x64A;&#x629; &#x627;&#x644;&#x645;&#x646;&#x634;&#x648;&#x631;&#x629; &#x628;&#x62C;&#x631;&#x64A;&#x62F;&#x629; &#x627;&#x644;&#x62C;&#x645;&#x647;&#x648;&#x631;&#x64A;&#x629; /</subfield>
    <subfield code="c">&#x628;&#x642;&#x644;&#x645; &#x642;&#x62F;&#x627;&#x633;&#x629; &#x627;&#x644;&#x628;&#x627;&#x628;&#x627; &#x627;&#x644;&#x645;&#x639;&#x638;&#x645; &#x627;&#x644;&#x623;&#x646;&#x628;&#x627; &#x634;&#x646;&#x648;&#x62F;&#x647; &#x627;&#x644;&#x62B;&#x627;&#x644;&#x62B;.</subfield>
  </datafield>
  <datafield tag="250" ind1=" " ind2=" ">
    <subfield code="a">&#x637;. 1.</subfield>
  </datafield>
  <datafield tag="260" ind1=" " ind2=" ">
    <subfield code="a">&#x627;&#x644;&#x642;&#x627;&#x647;&#x631;&#x629; :</subfield>
    <subfield code="b">&#x627;&#x644;&#x645;&#x631;&#x643;&#x632; &#x627;&#x644;&#x62B;&#x642;&#x627;&#x641;&#x64A; &#x627;&#x644;&#x642;&#x628;&#x637;&#x64A; &#x627;&#x644;&#x623;&#x631;&#x62B;&#x648;&#x630;&#x643;&#x633;&#x64A; :</subfield>
    <subfield code="b">&#x628;&#x637;&#x631;&#x64A;&#x643;&#x64A;&#x629; &#x627;&#x644;&#x623;&#x642;&#x628;&#x627;&#x637; &#x627;&#x644;&#x623;&#x631;&#x62B;&#x648;&#x630;&#x643;&#x633;&#x60C;</subfield>
    <subfield code="c">2012.</subfield>
  </datafield>
  <datafield tag="300" ind1=" " ind2=" ">
    <subfield code="a">783 &#x635;. :</subfield>
    <subfield code="b">&#x625;&#x64A;&#x636;. &#x61B;</subfield>
    <subfield code="c">24 &#x633;&#x645;.</subfield>
  </datafield>
  <datafield tag="541" ind1=" " ind2=" ">
    <subfield code="a">&#x625;&#x647;&#x62F;&#x627;&#x621; &#x645;&#x646; &#x627;&#x644;&#x645;&#x631;&#x643;&#x632; &#x627;&#x644;&#x62B;&#x642;&#x627;&#x641;&#x64A; &#x627;&#x644;&#x642;&#x628;&#x637;&#x64A; &#x627;&#x644;&#x623;&#x631;&#x62B;&#x648;&#x630;&#x643;&#x633;&#x64A;.</subfield>
  </datafield>
  <datafield tag="600" ind1="0" ind2="7">
    <subfield code="a">&#x634;&#x646;&#x648;&#x62F;&#x629;</subfield>
    <subfield code="b">&#x627;&#x644;&#x62B;&#x627;&#x644;&#x62B;&#x60C;</subfield>
    <subfield code="d">2012-1923</subfield>
    <subfield code="v">&#x645;&#x642;&#x627;&#x644;&#x627;&#x62A; &#x648;&#x645;&#x62D;&#x627;&#x636;&#x631;&#x627;&#x62A;.</subfield>
    <subfield code="2">BUEsh</subfield>
  </datafield>
  <datafield tag="650" ind1=" " ind2="7">
    <subfield code="a">&#x627;&#x644;&#x623;&#x642;&#x628;&#x627;&#x637;  </subfield>
    <subfield code="x">&#x646;&#x634;&#x627;&#x637; &#x633;&#x64A;&#x627;&#x633;&#x64A;</subfield>
    <subfield code="z">&#x645;&#x635;&#x631;</subfield>
    <subfield code="v">&#x645;&#x642;&#x627;&#x644;&#x627;&#x62A; &#x648;&#x645;&#x62D;&#x627;&#x636;&#x631;&#x627;&#x62A;.</subfield>
    <subfield code="2">BUEsh</subfield>
  </datafield>
  <datafield tag="651" ind1=" " ind2=" ">
    <subfield code="2">BUEsh</subfield>
  </datafield>
  <datafield tag="653" ind1=" " ind2=" ">
    <subfield code="b">GGEN</subfield>
    <subfield code="c">March2017</subfield>
  </datafield>
  <datafield tag="942" ind1=" " ind2=" ">
    <subfield code="2">ddc</subfield>
  </datafield>
  <datafield tag="999" ind1=" " ind2=" ">
    <subfield code="c">24441</subfield>
    <subfield code="d">24413</subfield>
  </datafield>
  <datafield tag="952" ind1=" " ind2=" ">
    <subfield code="0">0</subfield>
    <subfield code="1">0</subfield>
    <subfield code="2">ddc</subfield>
    <subfield code="4">0</subfield>
    <subfield code="7">0</subfield>
    <subfield code="a">MAIN</subfield>
    <subfield code="b">MAIN</subfield>
    <subfield code="c">0TH</subfield>
    <subfield code="d">2017-03-16</subfield>
    <subfield code="e">Donation</subfield>
    <subfield code="o">270.092 &#x634; &#x646; &#x648;</subfield>
    <subfield code="p">000041382</subfield>
    <subfield code="r">2025-07-15 00:00:00</subfield>
    <subfield code="s">2017-04-01</subfield>
    <subfield code="x">&#x625;&#x647;&#x62F;&#x627;&#x621; &#x645;&#x646; &#x627;&#x644;&#x645;&#x631;&#x643;&#x632; &#x627;&#x644;&#x62B;&#x642;&#x627;&#x641;&#x64A; &#x627;&#x644;&#x642;&#x628;&#x637;&#x64A; &#x627;&#x644;&#x623;&#x631;&#x62B;&#x648;&#x630;&#x643;&#x633;&#x64A;.</subfield>
    <subfield code="y">BB</subfield>
  </datafield>
  <datafield tag="952" ind1=" " ind2=" ">
    <subfield code="0">0</subfield>
    <subfield code="1">0</subfield>
    <subfield code="2">ddc</subfield>
    <subfield code="4">0</subfield>
    <subfield code="7">0</subfield>
    <subfield code="a">MAIN</subfield>
    <subfield code="b">MAIN</subfield>
    <subfield code="c">0TH</subfield>
    <subfield code="d">2017-03-16</subfield>
    <subfield code="e">Donation</subfield>
    <subfield code="o">270.092 &#x634; &#x646; &#x648;</subfield>
    <subfield code="p">000041383</subfield>
    <subfield code="r">2025-07-15 00:00:00</subfield>
    <subfield code="x">&#x625;&#x647;&#x62F;&#x627;&#x621; &#x645;&#x646; &#x627;&#x644;&#x645;&#x631;&#x643;&#x632; &#x627;&#x644;&#x62B;&#x642;&#x627;&#x641;&#x64A; &#x627;&#x644;&#x642;&#x628;&#x637;&#x64A; &#x627;&#x644;&#x623;&#x631;&#x62B;&#x648;&#x630;&#x643;&#x633;&#x64A;.</subfield>
    <subfield code="y">BB</subfield>
  </datafield>
</record>
